| 000 -LEADER |
| fixed length control field |
00902nam a22002417a 4500 |
| 005 - DATE AND TIME OF LATEST TRANSACTION |
| control field |
20231006153904.0 |
| 008 - FIXED-LENGTH DATA ELEMENTS--GENERAL INFORMATION |
| fixed length control field |
231006b ||||| |||| 00| 0 eng d |
| 020 ## - INTERNATIONAL STANDARD BOOK NUMBER |
| International Standard Book Number |
9781250079893 |
| 040 ## - CATALOGING SOURCE |
| Transcribing agency |
KH8 |
| 082 ## - DEWEY DECIMAL CLASSIFICATION NUMBER |
| Classification number |
FIC HAY |
| 100 ## - MAIN ENTRY--PERSONAL NAME |
| Personal name |
Hayes, Christine |
| Dates associated with a name |
1972- |
| Relator term |
Author |
| 245 ## - TITLE STATEMENT |
| Title |
Mothman's curse |
| Statement of responsibility, etc. |
Christine Hayes |
| 250 ## - EDITION STATEMENT |
| Edition statement |
First Square Fish edition |
| 260 ## - PUBLICATION, DISTRIBUTION, ETC. |
| Place of publication, distribution, etc. |
New York, |
| Name of publisher, distributor, etc. |
Square Fish / Roaring Brook Press, |
| Date of publication, distribution, etc. |
2016 |
| 300 ## - PHYSICAL DESCRIPTION |
| Extent |
310 pages : |
| Other physical details |
illustrations ; |
| Dimensions |
20 cm |
| 520 ## - SUMMARY, ETC. |
| Summary, etc. |
When Josie and her brother Fox discover the truth behind the legend of the Mothman, they must stop a disaster in order to break the curse that has been afflicting their town |
| 521 ## - TARGET AUDIENCE NOTE |
| Target audience note |
Ages 8-12. |
| 650 ## - SUBJECT ADDED ENTRY--TOPICAL TERM |
| Topical term or geographic name entry element |
Blessing and cursing |
| 650 ## - SUBJECT ADDED ENTRY--TOPICAL TERM |
| Topical term or geographic name entry element |
Blessing and cursing |
| Form subdivision |
Fiction |
| 650 ## - SUBJECT ADDED ENTRY--TOPICAL TERM |
| Topical term or geographic name entry element |
Blessing and cursing |
| Form subdivision |
Juvenile fiction |
| 700 ## - ADDED ENTRY--PERSONAL NAME |
| Personal name |
Hindle, James K. |
| Relator term |
Illustrator |
| 942 ## - ADDED ENTRY ELEMENTS (KOHA) |
| Source of classification or shelving scheme |
|
| Koha item type |
Books - Fiction |